000 00534nam a2200181 i 4500
001 74055
003 ES-MaACL
005 20250829063115.0
007 t|
008 040915s1910 sp ||||1| spa d
100 1 _aGonzález Carreño, Genaro
_958492
245 1 3 _aLa educación sexual /
_cpor Genaro González Carreño.
260 _aMadrid :
_b[s.n.],
_c1910 (
_fImp. Ibérica)
300 _aXV, 429 p. ;
_c20 cm.
650 7 _aEducación sexual
_2embne
_912121
852 _aES-MaACL
_jB-11718
999 _c74055
_d74055